01441nam a2200361Ia 4500001001200000003000800012006001900020007001500039008004100054010001700095020004300112020004000155020003800195020003500233040002100268035002100289050002800310245008400338260005700422300001700479490004100496504005100537533015200588650003100740650002200771650002200793655002900815700003500844710001700879830004200896856012600938999001501064ebr10284080CaPaEBRm u cr cn|||||||||070326s2008 nju sb 001 0 eng d z 2007012801 z9780691131405 (hardcover : alk. paper) z0691131406 (hardcover : alk. paper) z9780691134819 (pbk. : alk. paper) z0691134812 (pbk. : alk. paper) aCaPaEBRcCaPaEBR a(OCoLC)36838144114aBR115.P7bC37955 2008eb00aChristian political ethicsh[electronic resource] /cedited by John A. Coleman. aPrinceton, NJ :bPrinceton University Press,cc2008. axvii, 289 p.1 aEthikon series in comparative ethics aIncludes bibliographical references and index. aElectronic reproduction.bPalo Alto, Calif. :cebrary,d2011.nAvailable via World Wide Web.nAccess may be limited to ebrary affiliated libraries. 0aChristianity and politics. 0aChristian ethics. 0aPolitical ethics. 7aElectronic books.2local1 aColeman, John Aloysius,d1937-2 aebrary, Inc. 0aEthikon series in comparative ethics.40uhttp://site.ebrary.com/lib/rucke/Doc?id=10284080zAn electronic book accessible through the World Wide Web; click to view c2513d2513